000 00490nam a2200157Ia 4500
008 160316s1989 xxu||||| |||| 00| 0 eng d
082 _a344.046000
_bGUH
100 _aGuha Ramachandra
245 _aThe unquiet woods : Ecological change and peasant resistance in the Himalaya
250 _a
260 _aDelhi
_bOxford University Press
_c1989
300 _a210
_b
_cix
365 _bRs.210/-
650 _a1.Environmental Science - Ecological Change - Resistance - Himalaya
700 _a
_a
999 _c8609
_d8609